<?xml version="1.0" encoding="UTF-8"?>
<record
    xmlns:xsi="http://www.w3.org/2001/XMLSchema-instance"
    xsi:schemaLocation="http://www.loc.gov/MARC21/slim http://www.loc.gov/standards/marcxml/schema/MARC21slim.xsd"
    xmlns="http://www.loc.gov/MARC21/slim">

  <leader>01157nam0a2200289   4500</leader>
  <controlfield tag="001">RU\NLR\b_ik\153878</controlfield>
  <controlfield tag="005">20260407145244.0</controlfield>
  <datafield tag="035" ind1=" " ind2=" ">
    <subfield code="a">(NLR Aleph) 002226887</subfield>
  </datafield>
  <datafield tag="090" ind1=" " ind2=" ">
    <subfield code="a">3374646</subfield>
    <subfield code="c">3374646</subfield>
  </datafield>
  <datafield tag="100" ind1=" " ind2=" ">
    <subfield code="a">20061116d2006    |||y0rusy50      ca</subfield>
  </datafield>
  <datafield tag="101" ind1="0" ind2=" ">
    <subfield code="a">eng</subfield>
  </datafield>
  <datafield tag="102" ind1=" " ind2=" ">
    <subfield code="a">RU</subfield>
  </datafield>
  <datafield tag="105" ind1=" " ind2=" ">
    <subfield code="a">a   |||||||||</subfield>
  </datafield>
  <datafield tag="200" ind1="1" ind2=" ">
    <subfield code="a">Russian film industry, 2001-2006</subfield>
    <subfield code="f">CTC Media, Open Russ. film festival "Kinotavr"</subfield>
    <subfield code="g">[Daniil Dondureyi, Natalia Venger]</subfield>
  </datafield>
  <datafield tag="210" ind1=" " ind2=" ">
    <subfield code="a">Moscow</subfield>
    <subfield code="c">CTC Media</subfield>
    <subfield code="c">NFSOK "Kinotavr"</subfield>
    <subfield code="d">2006</subfield>
  </datafield>
  <datafield tag="215" ind1=" " ind2=" ">
    <subfield code="a">119 &#x441;.</subfield>
    <subfield code="c">&#x438;&#x43B;.</subfield>
    <subfield code="d">21</subfield>
  </datafield>
  <datafield tag="313" ind1=" " ind2=" ">
    <subfield code="a">&#x414;&#x435;&#x43C;&#x43E;&#x43D;&#x441;&#x442;&#x440;&#x430;&#x446;&#x438;&#x44F; &#x440;&#x43E;&#x441;&#x441;&#x438;&#x439;&#x441;&#x43A;&#x438;&#x445; &#x43A;&#x438;&#x43D;&#x43E;&#x444;&#x438;&#x43B;&#x44C;&#x43C;&#x43E;&#x432;</subfield>
  </datafield>
  <datafield tag="541" ind1="0" ind2=" ">
    <subfield code="a">&#x420;&#x43E;&#x441;&#x441;&#x438;&#x439;&#x441;&#x43A;&#x430;&#x44F; &#x43A;&#x438;&#x43D;&#x43E;&#x438;&#x43D;&#x434;&#x443;&#x441;&#x442;&#x440;&#x438;&#x44F; 2001-2006</subfield>
    <subfield code="z">rus</subfield>
  </datafield>
  <datafield tag="606" ind1="1" ind2=" ">
    <subfield code="a">&#x41A;&#x438;&#x43D;&#x43E;&#x438;&#x441;&#x43A;&#x443;&#x441;&#x441;&#x442;&#x432;&#x43E;</subfield>
    <subfield code="y">&#x420;&#x43E;&#x441;&#x441;&#x438;&#x439;&#x441;&#x43A;&#x430;&#x44F; &#x424;&#x435;&#x434;&#x435;&#x440;&#x430;&#x446;&#x438;&#x44F;</subfield>
    <subfield code="z">2001 - 2006</subfield>
    <subfield code="9">2460122</subfield>
    <subfield code="3">RU\NLR\AUTH\661461887</subfield>
  </datafield>
  <datafield tag="686" ind1="4" ind2=" ">
    <subfield code="a">&#x429;373(2&#x420;)7</subfield>
  </datafield>
  <datafield tag="702" ind1=" " ind2="1">
    <subfield code="a">Dondurej</subfield>
    <subfield code="b">D. B.</subfield>
    <subfield code="g">Daniil Borisovi&#x10D;</subfield>
    <subfield code="4">220</subfield>
  </datafield>
  <datafield tag="712" ind1="0" ind2="2">
    <subfield code="4">570</subfield>
    <subfield code="8">eng</subfield>
    <subfield code="a">"Kinotavr", open Russian film festival</subfield>
    <subfield code="7">ba</subfield>
    <subfield code="3">RU\NLR\AUTH\8810088974</subfield>
    <subfield code="9">679478</subfield>
  </datafield>
  <datafield tag="801" ind1=" " ind2="0">
    <subfield code="a">RU</subfield>
    <subfield code="b">NLR</subfield>
    <subfield code="c">20061116</subfield>
    <subfield code="g">PSBO</subfield>
  </datafield>
  <datafield tag="942" ind1=" " ind2=" ">
    <subfield code="c">BOOK</subfield>
  </datafield>
  <datafield tag="980" ind1=" " ind2=" ">
    <subfield code="a">NB</subfield>
  </datafield>
  <datafield tag="995" ind1=" " ind2=" ">
    <subfield code="5">2006-11-16</subfield>
    <subfield code="a">ad</subfield>
    <subfield code="b">NLR01</subfield>
    <subfield code="c">NLR01</subfield>
    <subfield code="e">IF</subfield>
    <subfield code="f">1062171</subfield>
    <subfield code="k">&#x418;&#x43A; 2006-3/1011</subfield>
    <subfield code="o">0</subfield>
    <subfield code="r">BOOK</subfield>
    <subfield code="s">_200631011</subfield>
    <subfield code="u"> ;  </subfield>
  </datafield>
</record>
